| 000 | 00518nam a2200193Ia 4500 | ||
|---|---|---|---|
| 008 | 180207s9999 xx 000 0 und d | ||
| 020 | _a439223172 | ||
| 050 | _bC255 2000 | ||
| 100 | _aCapucilli, Alyssa Satin | ||
| 245 | _aInside a zoo in the city / | ||
| 245 | _cAlyssa Satin Capucilli ; illustrated by Tedd Arnold. | ||
| 260 | _aNew York : | ||
| 260 | _bScholastic, | ||
| 260 | _c2000 | ||
| 300 | _aunpaged : | ||
| 300 | _bcolor illustration ; | ||
| 300 | _c26cm. | ||
| 440 | _aA rebus read-along story. | ||
| 999 |
_c355375 _d355375 |
||